Die Wohnungsnoth der ärmeren Klassen in Deutschen Großstädten und Vorschläge Zu Deren Abhülfe : Erster Band. Gutachten und Berichte Hrsg. Im Auftrage des Vereins Für Socialpolitik. (Schriften des Vereins Für Socialpolitik XXX).

Bibliographic Details
Main Author: Socialpolitik, Verein für.
Format: eBook
Language:German
Published: Berlin : Duncker & Humblot, 2014.
Edition:1st ed.
Series:Duncker and Humblot Reprints Series
Subjects:
Online Access:Click to View
LEADER 03325nam a22003853i 4500
001 EBC7101217
003 MiAaPQ
005 20240729202204.0
006 m o d |
007 cr cnu||||||||
008 240729s2014 xx o ||||0 ger d
020 |a 9783428572779  |q (electronic bk.) 
020 |z 9783428172771 
035 |a (MiAaPQ)EBC7101217 
035 |a (Au-PeEL)EBL7101217 
035 |a (OCoLC)1348481591 
040 |a MiAaPQ  |b eng  |e rda  |e pn  |c MiAaPQ  |d MiAaPQ 
100 1 |a Socialpolitik, Verein für. 
245 1 4 |a Die Wohnungsnoth der ärmeren Klassen in Deutschen Großstädten und Vorschläge Zu Deren Abhülfe :  |b Erster Band. Gutachten und Berichte Hrsg. Im Auftrage des Vereins Für Socialpolitik. (Schriften des Vereins Für Socialpolitik XXX). 
250 |a 1st ed. 
264 1 |a Berlin :  |b Duncker & Humblot,  |c 2014. 
264 4 |c {copy}1886. 
300 |a 1 online resource (223 pages) 
336 |a text  |b txt  |2 rdacontent 
337 |a computer  |b c  |2 rdamedia 
338 |a online resource  |b cr  |2 rdacarrier 
490 1 |a Duncker and Humblot Reprints Series 
505 0 |a Intro -- Vorrede. -- Inhaltsverzeichniß. -- Einleitung. -- I. Von welchen gesetzlichen Bestimmungen kann Minderung der Wohnungsnoth in unseren Großstädten erwartet werden? Von Bergamtsdirektor Dr. jur. Leuthold zu Freiberg i. S. (abgeschlossen im April 1885). -- 1. Einleitung. -- 2. Der Mindestwohnraum. -- 3. Die Wohnungsfürsorgepflicht der Arbeitgeber. -- 4. Sonstige Normen. -- 5. Die freie Hülfsthätigkeit auf dem Gebiete der Wohnungsfrage. -- II. Ueber die Wohnungsverhältnisse der unbemittelten Bevölkerungsklassen Hamburgs, sowie über die Versuche, welche zur Besserung dieser Verhältnisse unternommen worden sind. Von Dr. G. Koch. -- III. Die Wohnungsverhältnisse in Frankfurt a. M. Gutachten erstattet dem Verein für Socialpolitik von Dr. Flesch, Rechtsanwalt und Mitglied des Magistrats in Frankfurt a. M. -- Kapitel I. Giebt es in Frankfurt a. M. Wohnungsnoth? -- Kapitel II. Ursachen der Wohnungsnoth. -- 1) Oertliche Verhältnisse. -- 2) Rechtliche Verhältnisse. -- Schlußbemerkung. -- IV. Die Arbeiter Wohnungsfrage in England. Von Dr. P. F. Aschrott (Berlin). -- 1. -- 2. -- 3. -- 4. -- 5. -- V. Die Arbeiterwohnungsfrage in Straßburg i. E. Von Dr. Friedrich Weill Rechtsanwalt in Karlsruhe -- VI. Hauptergebnisse der Wohnungsstatistik deutscher Großstädte. Von M. Reefe (Breslau). -- 1. Fläche und Bevölkerung. -- 2. Die Grundstücke und Gebäude. -- 3. Die Gelasse, die Wohnungen, deren Bevölkerung und die Miethen. -- 4. Die Haushaltungen. -- Tabellen. 
588 |a Description based on publisher supplied metadata and other sources. 
590 |a Electronic reproduction. Ann Arbor, Michigan : ProQuest Ebook Central, 2024. Available via World Wide Web. Access may be limited to ProQuest Ebook Central affiliated libraries.  
655 4 |a Electronic books. 
776 0 8 |i Print version:  |a Socialpolitik, Verein für  |t Die Wohnungsnoth der ärmeren Klassen in Deutschen Großstädten und Vorschläge Zu Deren Abhülfe  |d Berlin : Duncker & Humblot,c2014  |z 9783428172771 
797 2 |a ProQuest (Firm) 
830 0 |a Duncker and Humblot Reprints Series 
856 4 0 |u https://ebookcentral.proquest.com/lib/matrademy/detail.action?docID=7101217  |z Click to View